VfL Wolfsburg Squad 2020-2021 - Statistics

General Stats
  • This quiz has been taken 17 times
  • The average score is 16 of 30
Answer Stats
# Position Nation Player % Correct
1 GK Belgium Koen Casteels
94%
25 DF United States John Anthony Brooks
88%
7 FW Croatia Josip Brekalo
88%
9 FW Netherlands Wout Weghorst
81%
27 MF Germany Maximilian Arnold
75%
23 MF France Josuha Guilavogui
69%
- Coach Austria Oliver Glasner
69%
12 GK Austria Pavao Pervan
69%
8 FW Switzerland Renato Steffen
69%
2 DF Brazil William
69%
14 FW Switzerland Admir Mehmedi
63%
4 DF France Maxence Lacroix
63%
6 DF Brazil Paulo Otávio
63%
24 MF Austria Xaver Schlager
63%
5 DF Netherlands Jeffrey Bruma
56%
15 DF France Jérôme Roussillon
56%
19 DF Switzerland Kevin Mbabu
56%
20 DF Germany Ridle Baku
56%
31 MF Germany Yannick Gerhardt
50%
10 MF Turkey Yunus Mallı
50%
29 FW Egypt Omar Marmoush
44%
34 DF Croatia Marin Pongračić
38%
11 FW Germany Felix Klaus
31%
40 FW Brazil João Victor
31%
17 FW Germany Maximilian Philipp
31%
21 FW Poland Bartosz Białek
25%
33 FW Germany Daniel Ginczek
25%
30 GK Germany Niklas Klinger
25%
35 GK Germany Lino Kasten
19%
39 DF Germany Tim Siersleben
13%
No matching quizzes found
Score Distribution
Percent of People with Each Score
Percentile by Number Answered
Your Score History
You have not taken this quiz